{"text_format":"3","workbook":"xlsx","n_sheets":8,"sheets":["扉-2 招标控制价扉页","表-04 单位工程招标控制价汇总表","表-08 分部分项工程和单价措施项目清单与计价表","表-11 总价措施项目清单与计价表","表-13 规费、税金项目清单与计价表","蒙-8 分部分项工程量清单综合单价分析表（带子目）","蒙-12 单位工程人材机价差表","蒙-5 未计价主材汇总表"],"read":"part_unreadable","date_system":"1900"}

{"sheet":"扉-2 招标控制价扉页","index":0,"n_rows":0,"n_cols":0,"rows_kept":0,"read":"part_unreadable","flags":["styles_unread"]}

{"sheet":"表-04 单位工程招标控制价汇总表","index":1,"n_rows":0,"n_cols":0,"rows_kept":0,"read":"part_unreadable","flags":["styles_unread"]}

{"sheet":"表-08 分部分项工程和单价措施项目清单与计价表","index":2,"n_rows":0,"n_cols":0,"rows_kept":0,"read":"part_unreadable","flags":["styles_unread"]}

{"sheet":"表-11 总价措施项目清单与计价表","index":3,"n_rows":0,"n_cols":0,"rows_kept":0,"read":"part_unreadable","flags":["styles_unread"]}

{"sheet":"表-13 规费、税金项目清单与计价表","index":4,"n_rows":0,"n_cols":0,"rows_kept":0,"read":"part_unreadable","flags":["styles_unread"]}

{"sheet":"蒙-8 分部分项工程量清单综合单价分析表（带子目）","index":5,"n_rows":23,"n_cols":14,"rows_kept":23,"merged":[[0,0,0,13],[1,0,1,4],[1,5,1,8],[1,9,1,13],[2,0,3,0],[2,1,3,1],[2,2,3,2],[2,3,3,3],[2,4,3,5],[2,6,3,6],[2,7,3,7],[2,8,2,13],[3,8,3,9],[4,0,4,0],[4,1,4,1],[4,2,4,2],[4,4,4,5],[4,6,4,6],[4,8,4,9],[5,0,5,0],[5,2,5,2],[5,4,5,5],[5,6,5,6],[5,7,5,7],[5,8,5,9],[6,0,6,0],[6,1,6,1],[6,2,6,2],[6,4,6,5],[6,6,6,6],[6,8,6,9],[7,0,7,0],[7,2,7,2],[7,4,7,5],[7,6,7,6],[7,7,7,7],[7,8,7,9],[8,0,8,0],[8,2,8,2],[8,4,8,5],[8,6,8,6],[8,7,8,7],[8,8,8,9],[9,0,9,0],[9,1,9,1],[9,2,9,2],[9,4,9,5],[9,6,9,6],[9,8,9,9],[10,0,10,0],[10,2,10,2],[10,4,10,5],[10,6,10,6],[10,7,10,7],[10,8,10,9],[11,0,11,0],[11,1,11,1],[11,2,11,2],[11,4,11,5],[11,6,11,6],[11,8,11,9],[12,0,12,0],[12,2,12,2],[12,4,12,5],[12,6,12,6],[12,7,12,7],[12,8,12,9],[13,0,13,0],[13,2,13,2],[13,4,13,5],[13,6,13,6],[13,7,13,7],[13,8,13,9],[14,0,14,0],[14,2,14,2],[14,4,14,5],[14,6,14,6],[14,7,14,7],[14,8,14,9],[15,0,15,0],[15,2,15,2],[15,4,15,5],[15,6,15,6],[15,7,15,7],[15,8,15,9],[16,0,16,0],[16,2,16,2],[16,4,16,5],[16,6,16,6],[16,7,16,7],[16,8,16,9],[17,0,17,0],[17,2,17,2],[17,4,17,5],[17,6,17,6],[17,7,17,7],[17,8,17,9],[18,0,18,0],[18,2,18,2],[18,4,18,5],[18,6,18,6],[18,7,18,7],[18,8,18,9],[19,0,19,0],[19,2,19,2],[19,4,19,5],[19,6,19,6],[19,7,19,7],[19,8,19,9],[20,0,20,0],[20,2,20,2],[20,4,20,5],[20,6,20,6],[20,7,20,7],[20,8,20,9],[21,0,21,0],[21,2,21,2],[21,4,21,5],[21,6,21,6],[21,7,21,7],[21,8,21,9],[22,4,22,5],[22,8,22,9]],"flags":["styles_unread"]}
["分部分项工程量清单综合单价分析表"]
["工程名称:鄂尔多斯市东胜区植物园零星工程",{"$nulls":4},"专业：第二册 道路工程",{"$nulls":3},"第1页 共1页"]
["顺序号","项目编号(定额编号)","项目名称","单位","数量",null,"综合单价(元)","综合合价(元)","综合单价"]
[{"$nulls":8},"人工费",null,"材料费","机械费","管理费","利润"]
[1,"04B003","拆除游乐场儿童游乐设施","工日",15,null,196.04,2940.6,107.82,{"$nulls":3},44.11,44.11]
[null,"R00001","综合工日","工日",15,null,196.04,2940.6,107.82,{"$nulls":3},44.11,44.11]
[2,"010103002001","余方弃置","台班",1,null,1749.17,1749.17,{"$nulls":3},1749.17]
[null,"990304024","汽车式起重机","台班",1,null,1101.13,1101.13,{"$nulls":3},1101.13]
[null,"990402025","自卸汽车","台班",1,null,648.04,648.04,{"$nulls":3},648.04]
[3,"010101001001","平整场地","m2",5276.1,null,1.29,6806.17,0.08,null,null,1.2,0.01,0.01]
[null,"借1-122","机械场地平整","m2",5276.1,null,1.29,6819.36,0.08,null,null,1.2,0.01,0.01]
[4,"011104002001","竹、木（复合）地板","m2",296.5,null,200.75,59522.38,49.44,null,130.41,4.72,8.99,7.19]
[null,"借6-21 换","金属结构制作 钢檩条 圆(方)钢管","t",2.552,null,6646.18,16961.05,591.98,null,5605.47,254.99,107.63,86.11]
[null,"借6-75","金属结构安装 钢檩条","t",2.552,null,656.53,1675.46,215.04,null,161.06,210.05,39.1,31.28]
[null,"借6-42 换","金属构件运输 二类构件 运距 5km \u007f实际运距(km):1","t",2.552,null,51.77,132.11,9.39,null,6.87,32.43,1.71,1.37]
[null,"借414 换","木园桥、木栈道、木平台制作安装 板厚4cm","m2",296.5,null,137.45,40754.22,42.42,null,80.72,0.44,7.71,6.17]
[]
[]
[]
[]
[]
[]
[null,"合计",{"$nulls":5},71018.32]

{"sheet":"蒙-12 单位工程人材机价差表","index":6,"n_rows":40,"n_cols":11,"rows_kept":40,"merged":[[0,0,0,10],[1,0,1,4],[1,5,1,7],[1,8,1,10],[2,4,2,5],[2,7,2,8],[3,4,3,5],[3,7,3,8],[4,4,4,5],[4,7,4,8],[5,4,5,5],[5,7,5,8],[6,4,6,5],[6,7,6,8],[7,4,7,5],[7,7,7,8],[8,4,8,5],[8,7,8,8],[9,4,9,5],[9,7,9,8],[10,4,10,5],[10,7,10,8],[11,4,11,5],[11,7,11,8],[12,4,12,5],[12,7,12,8],[13,4,13,5],[13,7,13,8],[14,4,14,5],[14,7,14,8],[15,4,15,5],[15,7,15,8],[16,4,16,5],[16,7,16,8],[17,4,17,5],[17,7,17,8],[18,4,18,5],[18,7,18,8],[19,4,19,5],[19,7,19,8],[20,4,20,5],[20,7,20,8],[21,4,21,5],[21,7,21,8],[22,4,22,5],[22,7,22,8],[23,4,23,5],[23,7,23,8],[24,4,24,5],[24,7,24,8],[25,4,25,5],[25,7,25,8],[26,4,26,5],[26,7,26,8],[27,4,27,5],[27,7,27,8],[28,4,28,5],[28,7,28,8],[29,4,29,5],[29,7,29,8],[30,4,30,5],[30,7,30,8],[31,4,31,5],[31,7,31,8],[32,4,32,5],[32,7,32,8],[33,4,33,5],[33,7,33,8],[34,4,34,5],[34,7,34,8],[35,4,35,5],[35,7,35,8],[36,4,36,5],[36,7,36,8],[37,4,37,5],[37,7,37,8],[38,4,38,5],[38,7,38,8],[39,0,39,9]],"flags":["styles_unread"]}
["单位工程人材机价差表"]
["工程名称:鄂尔多斯市东胜区植物园零星工程",{"$nulls":7},"第1页 共1页"]
["序号","名称","规格型号","单位","数量",null,"预算价","市场价",null,"价差","价差合计"]
[1,"防腐木","2.5cm","m3",11.5635,null,1115.4,2054.87,null,939.47,10863.56]
[2,"镀锌方钢",null,"t",2.75616,null,2316.6,4893.81,null,2577.21,7103.2]
[3,"柴油",null,"kg",105.152701,null,6.39,7.477,null,1.087,114.3]
[4,"柴油",null,"kg",381.567552,null,6.39,7.477,null,1.087,414.76]
[5,"电",null,"kw·h",505.976485,null,0.58,1.06,null,0.48,242.87]
{"$rows_empty":31}
["合计",{"$nulls":9},18738.69]

{"sheet":"蒙-5 未计价主材汇总表","index":7,"n_rows":44,"n_cols":9,"rows_kept":44,"merged":[[0,0,0,8],[1,0,1,1],[1,2,1,5],[1,6,1,8],[2,1,2,2],[2,5,2,6],[3,1,3,2],[3,5,3,6],[4,1,4,2],[4,5,4,6],[5,1,5,2],[5,5,5,6],[6,1,6,2],[6,5,6,6],[7,1,7,2],[7,5,7,6],[8,1,8,2],[8,5,8,6],[9,1,9,2],[9,5,9,6],[10,1,10,2],[10,5,10,6],[11,1,11,2],[11,5,11,6],[12,1,12,2],[12,5,12,6],[13,1,13,2],[13,5,13,6],[14,1,14,2],[14,5,14,6],[15,1,15,2],[15,5,15,6],[16,1,16,2],[16,5,16,6],[17,1,17,2],[17,5,17,6],[18,1,18,2],[18,5,18,6],[19,1,19,2],[19,5,19,6],[20,1,20,2],[20,5,20,6],[21,1,21,2],[21,5,21,6],[22,1,22,2],[22,5,22,6],[23,1,23,2],[23,5,23,6],[24,1,24,2],[24,5,24,6],[25,1,25,2],[25,5,25,6],[26,1,26,2],[26,5,26,6],[27,1,27,2],[27,5,27,6],[28,1,28,2],[28,5,28,6],[29,1,29,2],[29,5,29,6],[30,1,30,2],[30,5,30,6],[31,1,31,2],[31,5,31,6],[32,1,32,2],[32,5,32,6],[33,1,33,2],[33,5,33,6],[34,1,34,2],[34,5,34,6],[35,1,35,2],[35,5,35,6],[36,1,36,2],[36,5,36,6],[37,1,37,2],[37,5,37,6],[38,1,38,2],[38,5,38,6],[39,1,39,2],[39,5,39,6],[40,1,40,2],[40,5,40,6],[41,1,41,2],[41,5,41,6],[42,1,42,2],[42,5,42,6],[43,1,43,2],[43,5,43,6]],"flags":["styles_unread"]}
["未计价主材汇总表"]
["工程名称:鄂尔多斯市东胜区植物园零星工程",{"$nulls":5},"第1页 共1页"]
["序号","材料名称",null,"规格","单位","数量",null,"市场价","市场价合价"]
{"$rows_empty":40}
[null,"合计"]